| 000 | 00517nam a2200169Ia 4500 | ||
|---|---|---|---|
| 008 | 090711s9999 xx 000 0 und d | ||
| 082 | _b1314 | ||
| 100 | _aगोखले माधव श्री. | ||
| 245 | _aहंसगान | ||
| 260 |
_bनिहारा प्रकाशन _c1997 |
||
| 300 | _a160 | ||
| 600 | _aगोखले माधव श्री. | ||
| 630 | _aहंसगान | ||
| 700 | _aगोखले माधव श्री. | ||
| 730 | _aहंसगान | ||
| 942 | _cBOOK | ||
| 999 |
_c324806 _d324806 |
||